
Library Catalogue

| 000 -LEADER | |
|---|---|
| fixed length control field | 01032cam a22002534a 4500 |
| 003 - CONTROL NUMBER IDENTIFIER | |
| control field | OSt |
| 005 - DATE AND TIME OF LATEST TRANSACTION | |
| control field | 20260401141958.0 |
| 008 - FIXED-LENGTH DATA ELEMENTS--GENERAL INFORMATION | |
| fixed length control field | 100820s2010 ne a b 001 0 eng d |
| 010 ## - LIBRARY OF CONGRESS CONTROL NUMBER | |
| LC control number | 2010483620 |
| 020 ## - INTERNATIONAL STANDARD BOOK NUMBER | |
| International Standard Book Number | 9789041131935 (hbk) |
| 020 ## - INTERNATIONAL STANDARD BOOK NUMBER | |
| International Standard Book Number | 9041131930 |
| 082 ## - DEWEY DECIMAL CLASSIFICATION NUMBER | |
| Classification number | 346.0482 ROO |
| 100 1# - MAIN ENTRY--PERSONAL NAME | |
| Personal name | Rooijen, Ashwin van |
| 245 14 - TITLE STATEMENT | |
| Title | The software interface between copyright and competition law : |
| Remainder of title | a legal analysis of interoperability in computer programs / |
| Statement of responsibility, etc. | Ashwin van Rooijen |
| 260 ## - PUBLICATION, DISTRIBUTION, ETC. | |
| Place of publication, distribution, etc. | The Netherlands : |
| Name of publisher, distributor, etc. | Kluwer Law International ; |
| Date of publication, distribution, etc. | 2010. |
| 300 ## - PHYSICAL DESCRIPTION | |
| Extent | xii, 291 p. : |
| Dimensions | 25 cm. |
| 490 1# - SERIES STATEMENT | |
| Series statement | Information law series ; |
| Volume/sequential designation | v. 20 |
| 505 0# - FORMATTED CONTENTS NOTE | |
| Formatted contents note | Content:<br/>Introduction --<br/>Interfaces and interoperability in context -- <br/>Copyright and control of interface information -- <br/>Competition law -- <br/>Ex-Ante interconnection rules -- <br/>Conclusion : rethinking the interface. |
| 650 #0 - SUBJECT ADDED ENTRY--TOPICAL TERM | |
| Topical term or geographic name entry element | Copyright |
| General subdivision | Computer programs. |
| 650 #0 - SUBJECT ADDED ENTRY--TOPICAL TERM | |
| Topical term or geographic name entry element | Copyright. |
| 650 #0 - SUBJECT ADDED ENTRY--TOPICAL TERM | |
| Topical term or geographic name entry element | Antitrust law. |
| 830 #0 - SERIES ADDED ENTRY--UNIFORM TITLE | |
| Uniform title | Information law series ; |
| 942 ## - ADDED ENTRY ELEMENTS (KOHA) | |
| Source of classification or shelving scheme | Dewey Decimal Classification |
| Koha item type | BOOKs |
| Withdrawn status | Lost status | Damaged status | Not for loan | Home library | Current library | Shelving location | Date acquired | Cost, normal purchase price | Total Checkouts | Full call number | Barcode | Date last seen | Price effective from | Koha item type |
|---|---|---|---|---|---|---|---|---|---|---|---|---|---|---|
| . | . | General Stacks | 30.05.2017 | 10759.00 | 346.0482 ROO | 27796 | 30.05.2017 | 30.05.2017 | BOOKs |